Music Quiz

Random Music or Lyrics Quiz

Name the Lyrics to the Muse Song #6 Quiz Stats

 Plays Quiz not verified by Sporcle

Challenge
Share
Tweet
Embed
Score 0/171 Timer 08:00
0 Plays Today
% Correct
I,
99.1%
I
99.1%
I,
99.1%
I
99.1%
I
99.1%
I
99.1%
I
99.1%
I
99.1%
I
99.1%
I
99.1%
I
99.1%
I
99.1%
I
99.1%
I
99.1%
I
99.1%
I
99.1%
I
99.1%
you
92.4%
you
92.4%
you
92.4%
you
92.4%
a
90.9%
the
89.6%
the
89.6%
the
89.6%
the
89.6%
the
89.6%
me
84.8%
me,
84.8%
me.
84.8%
to
84.1%
to
84.1%
to
84.1%
to
84.1%
to
84.1%
is
82.6%
is
82.6%
is
82.6%
is
82.6%
and
81.4%
And
81.4%
and
81.4%
And
81.4%
And
81.4%
And
81.4%
and
81.4%
and
81.4%
and
81.4%
and
81.4%
and
81.4%
love
81.1%
love,
81.1%
love.
81.1%
love
81.1%
of
79.9%
of
79.9%
of
79.9%
% Correct
so
79.6%
of
79.6%
it
78.7%
can't
77.1%
your
77.1%
your
77.1%
can't
77.1%
my
76.2%
madness,
75.3%
madness
75.3%
madness
75.3%
madness
75.3%
madness.
75.3%
some
75%
some
75%
some
75%
need
73.8%
need.
73.8%
need
73.8%
need
73.8%
out
73.5%
have
73.5%
have
73.5%
have
73.5%
have
73.5%
have
73.5%
have
73.5%
have
73.5%
get
73.2%
kind
73.2%
kind
73.2%
kind
73.2%
mind,
72.9%
go,
72.6%
this
72.3%
be
72%
real
71.6%
just
71.6%
just
71.6%
these
70.4%
memories
70.4%
let
70.4%
what
69.8%
what
69.8%
we
69.2%
but
68.9%
But
68.9%
but
68.9%
or
68.6%
know
68%
know
68%
Come
67.7%
come
67.7%
in
67.4%
finally
66.5%
finally
66.5%
finally
66.5%
% Correct
finally
66.5%
finally
66.5%
finally
66.5%
finally
66.5%
light,
66.2%
light,
66.2%
light,
66.2%
on
66.2%
Our
65.9%
seen
65.2%
realised
65.2%
now
65.2%
now
65.2%
seen
65.2%
realised
65.2%
now
65.2%
seen
65.2%
seen
65.2%
realised
65.2%
like
63.4%
us
63.1%
tried
62.8%
hard
62.8%
control,
62.2%
mean.
61%
was
61%
taking
61%
I'm
61%
rescue
59.5%
dream,
59.1%
whole,
58.5%
evolve.
58.2%
had,
57.6%
you're
57.6%
when
57.3%
too
57%
swallowing
56.7%
all
55.8%
not
55.2%
has
54.9%
at
54%
headstrong.
54%
Yes
53.7%
keeping
53.4%
fights
53.4%
wrong,
52.7%
look
52.4%
crazy
52.4%
end,
52.4%
started
52.1%
back
51.8%
yeah.
51.5%
yeah.
51.5%
care,
48.8%
afloat?
48.5%
expecting
48.5%
baby
45.1%

You're not logged in!

Compare scores with friends on all Sporcle quizzes.
Join for Free
OR
Log In

You Might Also Like...

Show Comments

Extras

Created Feb 21, 2016ReportNominate
Tags:Lyrics Quiz, muse

Top Quizzes Today


Score Distribution

Your Account Isn't Verified!

In order to create a playlist on Sporcle, you need to verify the email address you used during registration. Go to your Sporcle Settings to finish the process.

Report this User

Report this user for behavior that violates our Community Guidelines.

Details: